Intergrated project presentation Kursus Professional programme : Plant and Machinery Valuation (PPPMV) (3 disc) [

Bibliographic Details
Corporate Author: Institut Penilaian Negara
Format: Book
Language:English
Published: Kajang : Institut Penilaian Negara , 2013

MARC

LEADER 00000cam a2200000 7i4500
001 0000025102
005 20131226.0
008 131226 my v eng
040 |a INS 
090 0 0 |a VCD 2160 
245 0 0 |a Intergrated project presentation Kursus Professional programme :   |b Plant and Machinery Valuation (PPPMV) (3 disc) [  |h video disc] :   |b 9 Mei 2013 
260 |a Kajang :   |b Institut Penilaian Negara ,   |c 2013 
300 |a 3 videodisc ( 2 hours 06 min., 1 hour 49 min., 1 hour 24 min.) :   |b sd., col. ;   |c 4 3/4 in. 
710 1 |a Institut Penilaian Negara 
999 |a VCD0002160   |b VIDEO CD   |c Media Collection   |e Default branch